El papel de los minerales en las relaciones internacionales /
Gorde:
| Egile nagusia: | |
|---|---|
| Formatua: | Liburua |
| Hizkuntza: | Spanish |
| Argitaratua: |
Azcapotzalco, Distrito Federal, México
Universidad Autónoma Metropolitana
1986
|
| Gaiak: | |
| Etiketak: |
Etiketa erantsi
Etiketarik gabe, Izan zaitez lehena erregistro honi etiketa jartzen!
|
MARC
| LEADER | 00000nam a2200000 4500 | ||
|---|---|---|---|
| 003 | cru CIDCACS/IIS | ||
| 005 | 20231019151557.0 | ||
| 008 | 190121b1986 MX ||||| |||| 00| 0 spa d | ||
| 040 | |c cru CIDCACS/IIS | ||
| 090 | |a REV0001 7(17) 1986 | ||
| 100 | |9 8245 |a Palomares, Laura A. | ||
| 245 | |a El papel de los minerales en las relaciones internacionales / |c Laura A. Palomares | ||
| 260 | |a Azcapotzalco, Distrito Federal, México |b Universidad Autónoma Metropolitana |c 1986 | ||
| 300 | |a Páginas 113-128 | ||
| 650 | 4 | |2 OCDE |9 2646 |a RELACIONES INTERNACIONALES | |
| 650 | 0 | |a INGENIERIA INDUSTRIAL |9 1707 | |
| 650 | 0 | |a POLITICA INTERNACIONAL |2 OCDE | |
| 650 | 0 | |9 8212 |a ECONOMIA INDUSTRIAL | |
| 650 | 0 | |9 993 |a MINERIA | |
| 650 | 4 | |9 1924 |a IMPERIALISMO | |
| 650 | 4 | |9 2011 |a RECURSOS NATURALES | |
| 650 | 0 | |9 2904 |a RECURSOS ENERGÉTICOS | |
| 650 | 0 | |9 3533 |a MATERIAS PRIMAS | |
| 773 | 0 | |0 18805 |9 2594 |d Azcapotzalco UAM |o 02235 |t AZCAPOTZALCO | |
| 942 | |2 ddc |c PP | ||
| 999 | |c 42081 |d 42081 | ||
